| 000 | 00677nam a2200193 i 4500 | ||
|---|---|---|---|
| 001 | 70588 | ||
| 003 | ES-MaACL | ||
| 005 | 20251001143128.0 | ||
| 007 | t| | ||
| 008 | 040728s1968 sp ||||1| spa d | ||
| 080 | _a929 Moro Briz, Santos, obispo de Ávila | ||
| 100 | 1 |
_aGarcía Zurdo, Antonio. _955462 |
|
| 245 | 1 | 0 |
_aHistoria de un pontificado : _b(Dr. D. Santos Moro Briz, 1935-1968) : [treinta y tres años de apostolado] / _cAntonio García Zurdo. |
| 260 |
_aÁvila : _b[s.n.], _c1968 ( _fTall. El Diario de Ávila) |
||
| 300 |
_a50 h. : _bil. ; _c24 cm. |
||
| 600 | 1 | 4 |
_aMoro Briz, Santos, _d1888-1980 _9173341 |
| 852 |
_aES-MaACL _jC-46665 |
||
| 999 |
_c70588 _d70588 |
||